1259 1819 1976 1815 1397 1892 1542 1203 1839 1807 1281 1663 1412 1621 1091 1060 1970 1136 1042 1388 1676 1425 1873 1631 1565 1862 1220 1126 1767 1731 1735 1207 1670 1650 1296 1152 1317 1189 1206 1900 1257 1618 1286 1110 1492 1910 1633 1931 1461 1015 1617 1729 1746 1123 1738 1724 1784 1473 1087 1121 1424 1806 1148 1359 1316 1366 1543 1868 1012 1242 1013 1746 1308 1868 1802 1975 1020 1283 1517 1778 1017 1767 1239 1851 1625 1002 1059 1437 1967 1763 1294 1994 1519 1484 1919 1869 1405 1497 1269 BCNSPRNW ULIB Ver.6.0+V

เปลี่ยนเป็นภาษาไทย

Change to English
 แสดงรายละเอียดบรรณานุกรม
  กลับหน้าหลัก

Brief Record : Get Marc (ISO 2709) : E-mail record : QR code < ปิดหน้าต่าง
LEADER : 00000nam 2200000uu 4500
001    13399112962
003     ULIB
008    110920s2554||||th 000 0 tha d
020    9789740328001
060  4 WL101^bว397ป
100 0  วิไล ชินธเนศ
245 10 ประสาทส่วนปลาย จากกายวิภาคศาสตร์สู่การวินิจฉัย^n=Peripheral nerve:from anatomt to diagnosis /^cวิไล ชินธเนศ
246 0  Peripheral nerve:from anatomt to diagnosis
250    พิมพ์ครั้งที่ 1
260    กรุงเทพฯ :^bโรงพิมพ์แห่งจุฬาลงกรณ์มหาวิทยาลัย,^c2554
300    281 หน้า :^bภาพประกอบ ;^c27 ซม.
650  7 กายวิภาคศาสตร์
650  7 เส้นประสาทส่วนปลาย
945    ^p350^l0^i030582
945    ^p350^l0^i030583
945    ^p350^l0^i030584
945    ^p350^l0^i031130
945    ^p350^l0^i031131
945    ^p350^l0^i031132
995     เกษร
999     ^aใช้งานได้ทุกระบบ
รายการนี้ยังไม่มีแท็ก
คุณยังไม่ได้ล็อกอิน คุณสามารถมีกิจกรรมร่วมกับเว็บไซต์ได้ แต่ต้องล็อกอินก่อน ::
  ล็อกอิน

รายการสื่อสารสนเทศ

ลำดับที่ ประเภท เลขเรียก/บาร์โค้ด สถานที่ สถานะ
1. วิทยาศาสตร์การแพทย์ และสุขภาพ
หนังสือสำรอง
สถานะ=หนังสือสำรอง
WL101 ว397ป ฉ.1 
  Barcode: 030582
ห้องสมุดวิทยาเขตสวรรค์ประชารักษ์
►ส่วนจัดเก็บหนังสือเก่า สปร
บนชั้น
  ขอยืม
2. วิทยาศาสตร์การแพทย์ และสุขภาพ
วิทยาศาสตร์การแพทย์ และสุขภาพ
WL101 ว397ป ฉ.2 
  Barcode: 030583
ห้องสมุดวิทยาเขตสวรรค์ประชารักษ์
►ส่วนจัดเก็บหนังสือเก่า สปร
บนชั้น
  ขอยืม
3. วิทยาศาสตร์การแพทย์ และสุขภาพ
วิทยาศาสตร์การแพทย์ และสุขภาพ
WL101 ว397ป ฉ.3 
  Barcode: 030584
ห้องสมุดวิทยาเขตสวรรค์ประชารักษ์
►ส่วนจัดเก็บหนังสือเก่า สปร
บนชั้น
  ขอยืม
4. วิทยาศาสตร์การแพทย์ และสุขภาพ
วิทยาศาสตร์การแพทย์ และสุขภาพ
WL101 ว397ป ฉ.4 
  Barcode: 031130
ห้องสมุดวิทยาเขตสวรรค์ประชารักษ์
►ส่วนจัดเก็บหนังสือเก่า สปร
บนชั้น
  ขอยืม
5. วิทยาศาสตร์การแพทย์ และสุขภาพ
วิทยาศาสตร์การแพทย์ และสุขภาพ
WL101 ว397ป ฉ.5 
  Barcode: 031131
ห้องสมุดวิทยาเขตสวรรค์ประชารักษ์
►ส่วนจัดเก็บหนังสือเก่า สปร
บนชั้น
  ขอยืม
6. วิทยาศาสตร์การแพทย์ และสุขภาพ
วิทยาศาสตร์การแพทย์ และสุขภาพ
WL101 ว397ป ฉ.6 
  Barcode: 031132
ห้องสมุดวิทยาเขตสวรรค์ประชารักษ์
►ส่วนจัดเก็บหนังสือเก่า สปร
บนชั้น
  ขอยืม

รายการใกล้เคียง
    ผู้แต่ง [วิไล ชินธเนศ]

    หัวเรื่อง [กายวิภาคศาสตร์]
    หัวเรื่อง [เส้นประสาทส่วนปลาย]

BibComment


ยังไม่เคยถูกคอมเมนท์

คอมเมนท์ทรัพยากรรายการนี้
  คอมเมนท์: ประสาทส่วนปลาย จา..


 Copyright 2026. Bcnsprnw @Library